000 00627nam a2200229Ia 4500
003 OSt
005 20220928102949.0
006 a|||||r|||| 00| 0
007 ta
008 220927b |||||||| |||| 00| 0 eng d
024 _a50933
037 _cTextual
040 _aSDCL
_cSDCL
_beng
041 _2eng
_aeng
082 _aV53y7K74, L9
100 _aShennan J H
_9401491
245 0 _aPhilippe, Duke of Orleans
_b Regent of France 1715-1723.
260 _aLondon
_bThames and Hudson
_c1979
300 _a191p.
_ccm.
942 _hV53y7K74, L9
_cTEXL
_2CC
999 _c717360
_d717360